Juntos allá y acá /

Bibliographic Details
Main Authors: Cely Forero, Andrea (Author), Ganitsky Baptiste, Denise (Author)
Other Authors: Hernández Cely, Daniela María (Illustrator)
Format: Electronic eBook
Language:Spanish
Published: Bogotá D. C. : Instituto Colombiano de Antropología e Historia, [2021]
Edition:Primera edición.
Series:Colección infantil (Instituto Colombiano de Antropología e Historia)
Subjects:
Online Access:Digitalia Hispánica

MARC

LEADER 00000nam a2200000Ii 4500
001 DIGICANH0008
003 NyNyDIG
006 m o d
007 cr |||||||||||
008 230415s2021 ck a o 000 j spa d
035 |a (OCoLC)1334889364 
040 |a DGITA  |b eng  |e rda  |e pn  |c DGITA 
020 |a 9786287512184  |q eBook 
020 |z 9789588852966 
043 |a s-ck--- 
050 1 4 |a PN6427.A5 ebook 
100 1 |a Cely Forero, Andrea,  |e author. 
245 1 0 |a Juntos allá y acá /  |c Andrea Cely Forero y Denise Ganitsky Baptiste ; ilustraciones por Daniela María Hernández Cely. 
250 |a Primera edición. 
264 1 |a Bogotá D. C. :  |b Instituto Colombiano de Antropología e Historia,  |c [2021] 
300 |a 1 online resource :  |b illustrations. 
336 |a text  |b txt  |2 rdacontent 
336 |a still image  |b sti  |2 rdacontent 
337 |a computer  |b c  |2 rdamedia 
338 |a online resource  |b cr  |2 rdacarrier 
347 |a text file  |2 rdaft 
347 |b EPUB 
490 1 |a Colección infantil 
588 0 |a Online resource; title from ePUB title page (Digitalia, viewed April 15, 2023) 
650 0 |a Agriculture  |z Colombia  |v Juvenile fiction. 
650 0 |a Women peasants  |v Juvenile fiction. 
655 7 |a Short stories.  |2 lcgft 
700 1 |a Ganitsky Baptiste, Denise,  |e author. 
700 1 |a Hernández Cely, Daniela María,  |e illustrator. 
791 2 |a Digitalia (Firm),  |e distributor. 
793 0 |g Digitalia eBook Collection:  |a Instituto Colombiano de Antropología e Historia 
776 0 8 |i Print version:  |a Cely Forero, Andrea.  |t Juntos allá y acá.  |b Primera edición.  |d Bogotá D. C. : Instituto Colombiano de Antropología e Historia, [2021]  |z 9789588852966 
830 0 |a Colección infantil (Instituto Colombiano de Antropología e Historia) 
856 4 0 |3 Digitalia Hispánica  |u https://www.digitaliapublishing.com/a/115353/ 
910 |a Premium collection: 2023